00412nam a22001577a 450000500170000001000170001702000220003403500170005603700250007308200080009810000200010624500340012626000420016027000300020230000220023220120618110058.0 aB-455077-079 a8123740816c25.00 aB-455077-079 adplbResearcho / ven a920 aSingh ,Devender aTulsidas /cby Devender singh aNew DelhibNational Book trust c2003 aA-5 green parkbNew delhi a55pgsb21cm (pbk)